Представление документа в формате RUSMARC

ПолеНазваниеЗначение
  Тип записи a
  Библиографический уровень a
001 Контрольный номер RU/CBS_UL/BASE/636051096
005 Дата корректировки 20240209175235.9
100 Данные общей обработки __
a Данные общей обработки 20200226d2020 ||| 0rusy0189 ca
101 Язык документа 0_
a Язык текста rus
102 Страна публикации __
a Страна публикации RU
105 Кодированные данные (монография) __
a Кодированные данные (монография) y###||||000|y
200 Заглавие и сведения об ответственности 1_
a Заглавие Корзина неутешительная
b Общее обозначение материала Текст
e Сведения, относящиеся к заглавию [о содержимом продуктовой корзины]
f Первые сведения об ответственности А. Трушин
300 Общие примечания __
a Общие примечания Ограничения по возрасту - 16+
461 Уровень набора _0
1 2000
a Огонёк
463 Уровень физической единицы _0
1 001RU/CBS_UL/BASE/635968294
1 2000
a № 4 (3 февраля)
v С. 14-17.
1 210
d 2020
606 Тематические рубрики 0_
a Основная рубрика Продуктовая корзина - Минимальный набор
610 Ключевые слова 0_
a Ключевые слова экономика
a Ключевые слова благосостояние общества
a Ключевые слова уровень жизни
a Ключевые слова МРОТ
a Ключевые слова потребительская корзина
a Ключевые слова продуктовая корзина
686 Индексы других классификаций __
a Классификационный индекс 65.9(2Рос)
2 Код системы ББК
700 Автор _1
a Фамилия Трушин
b Имя (инициалы) А.
801 Источник записи _0
a Страна RU
b Организация МБУК ЦБС г. Ульяновска
c Дата составления 20200226
g Правила каталогизации RCR
801 Источник записи _1
a Страна RU
b Организация МБУК ЦБС г. Ульяновска
c Дата составления 20200226
g Правила каталогизации RCR
901 Тип документа __
t Тип документа b
w Контрольный № источника RU/CBS_UL/BASE/635968294
910 Корректоры записи __
a Корректор записи Библиотека 8
938 Служебная информация __
a Имя БД period